000 00303nam a22001217a 4500
003 OSt
008 231114b |||||||| |||| 00| 0 eng d
041 _amal
100 _aJoseph, A.K.
_95368
245 _aSasyasamrakhanam /
260 _aThiruvannathapuram :
_bKerala Bhasha Institute,
_c1970.
942 _cBK
999 _c17825
_d17825